Countries of Australia and Oceania sprint - Statistics

General Stats
  • This quiz has been taken 472 times
  • The average score is 7 of 14
Answer Stats
Answer % Correct
Australia
97%
New Zealand
80%
Fiji
62%
Tuvalu
51%
Samoa
49%
Marshall Islands
48%
Kiribati
45%
Nauru
45%
Palau
45%
Federated States of Micronesia
44%
Papua New Guinea
44%
Solomon Islands
44%
Tonga
43%
Vanuatu
40%
No matching quizzes found
Score Distribution
Percent of People with Each Score
Percentile by Number Answered
Your Score History
You have not taken this quiz